000 00904nam a2200217Ia 4500
999 _c39361
_d39361
001 5950
003 GE_BSU
005 20191118103456.0
008 181216s1984||||ge |||||||||||||| ||geo||
040 _cGE_BSU
041 _ageo
080 _a821.353.1-32 ა-13
100 _aაბაშიძე, მერაბ
_93820
245 _aპოეზიის ხანძრის ქალიშვილი :
_bმოთხრობები /
_cმერაბ აბაშიძე ; რედ. თ. დაუშვილი.
264 _aბათუმი :
_bსაბჭოთა საქართველო,
_c1984.
300 _a140 გვ. ;
_c17 სმ.
653 _aმოთხრობები
653 _aპოეზიის ხანძრის ქალიშვილი
700 _aდაუშვილი, თ
_eრედაქტორი
_95376
942 _cBK
_2udc